[Event "MP do 18 lat - chlopcy"]
[Site "Sypniewo"]
[Date "2022.03.26"]
[Round "8.15"]
[White "Syrkiewicz, Michal"]
[Black "Gradalski, Olaf"]
[Result "1/2-1/2"]
[BlackElo "2051"]
[WhiteElo "1988"]
[LiveChessVersion "1.4.8"]

1. e4 {[%clk 1:30:58]} c5 {[%clk 1:30:46]} 2. Nf3 {[%clk 1:31:19]} d6
{[%clk 1:31:11]} 3. d4 {[%clk 1:31:34]} cxd4 {[%clk 1:31:36]} 4. Nxd4
{[%clk 1:32:00]} Nf6 {[%clk 1:32:02]} 5. Nc3 {[%clk 1:32:24]} a6 {[%clk 1:32:29]}
6. Bc4 {[%clk 1:30:55]} e6 {[%clk 1:31:48]} 7. O-O {[%clk 1:30:56]} b5
{[%clk 1:32:10]} 8. Bb3 {[%clk 1:31:21]} Be7 {[%clk 1:32:34]} 9. Qf3
{[%clk 1:30:57]} Qb6 {[%clk 1:32:22]} 10. Be3 {[%clk 1:29:25]} Qb7
{[%clk 1:32:23]} 11. a3 {[%clk 1:27:17]} Nbd7 {[%clk 1:31:08]} 12. Bg5
{[%clk 1:18:59]} Nc5 {[%clk 1:16:58]} 13. Rfe1 {[%clk 1:14:50]} O-O
{[%clk 1:15:05]} 14. Ba2 {[%clk 1:09:52]} Na4 {[%clk 0:51:43]} 15. Nxa4
{[%clk 0:57:02]} bxa4 {[%clk 0:52:07]} 16. Rab1 {[%clk 0:57:09]} h6
{[%clk 0:40:52]} 17. Bd2 {[%clk 0:48:16]} Qb6 {[%clk 0:37:25]} 18. Be3
{[%clk 0:40:48]} Qc7 {[%clk 0:35:00]} 19. Qe2 {[%clk 0:34:22]} e5
{[%clk 0:23:32]} 20. Nf3 {[%clk 0:28:10]} Bb7 {[%clk 0:22:34]} 21. Nd2
{[%clk 0:28:01]} Nxe4 {[%clk 0:20:31]} 22. Nxe4 {[%clk 0:26:56]} Bxe4
{[%clk 0:20:57]} 23. Bxh6 {[%clk 0:26:39]} Bg6 {[%clk 0:20:11]} 24. Qg4
{[%clk 0:25:42]} Qxc2 {[%clk 0:19:00]} 25. Be3 {[%clk 0:23:15]} Qf5
{[%clk 0:16:50]} 26. Qxa4 {[%clk 0:21:43]} Bg5 {[%clk 0:12:54]} 27. Rbd1
{[%clk 0:17:22]} Bxe3 {[%clk 0:13:08]} 28. fxe3 {[%clk 0:17:36]} Rab8
{[%clk 0:07:17]} 29. b4 {[%clk 0:15:53]} Rfc8 {[%clk 0:05:11]} 30. Bb1
{[%clk 0:12:56]} Qg5 {[%clk 0:05:07]} 31. Bxg6 {[%clk 0:12:12]} Qxg6
{[%clk 0:05:17]} 32. Qxa6 {[%clk 0:12:07]} Ra8 {[%clk 0:01:58]} 33. Qxd6
{[%clk 0:11:23]} Qxd6 {[%clk 0:02:20]} 34. Rxd6 {[%clk 0:11:39]} Rxa3
{[%clk 0:02:45]} 35. Kf2 {[%clk 0:10:40]} Rb3 {[%clk 0:03:12]} 36. Rb6
{[%clk 0:11:01]} Rc4 {[%clk 0:03:27]} 37. b5 {[%clk 0:11:07]} Rc5
{[%clk 0:03:17]} 38. Rb8+ {[%clk 0:11:29]} Kh7 {[%clk 0:03:42]} 39. b6
{[%clk 0:11:50]} Rcb5 {[%clk 0:03:48]} 40. Rb7 {[%clk 0:41:47]} f6
{[%clk 0:33:54]} 1/2-1/2

[Event "MP do 18 lat - chlopcy"]
[Site "Sypniewo"]
[Date "2022.03.26"]
[Round "8.16"]
[White "Kasprzak, Lukasz"]
[Black "Panek, Bartosz"]
[Result "1/2-1/2"]
[BlackElo "2010"]
[WhiteElo "1884"]
[LiveChessVersion "1.4.8"]

1. c4 {[%clk 1:30:30]} Nf6 {[%clk 1:28:44]} 2. g3 {[%clk 1:29:42]} g6
{[%clk 1:25:11]} 3. Bg2 {[%clk 1:29:46]} Bg7 {[%clk 1:23:01]} 4. Nc3
{[%clk 1:29:57]} O-O {[%clk 1:23:23]} 5. e4 {[%clk 1:29:40]} d6 {[%clk 1:23:48]}
6. Nge2 {[%clk 1:29:10]} c5 {[%clk 1:22:14]} 7. O-O {[%clk 1:27:47]} Nc6
{[%clk 1:19:01]} 8. d3 {[%clk 1:26:33]} a6 {[%clk 1:14:26]} 9. h3
{[%clk 1:22:14]} Ne8 {[%clk 1:12:42]} 10. Be3 {[%clk 0:58:01]} Nc7
{[%clk 1:09:19]} 11. d4 {[%clk 0:56:20]} cxd4 {[%clk 1:09:19]} 12. Nxd4
{[%clk 0:56:32]} Ne6 {[%clk 1:09:38]} 13. Nde2 {[%clk 0:55:56]} Rb8
{[%clk 1:05:56]} 14. a4 {[%clk 0:55:35]} Ne5 {[%clk 0:56:03]} 15. b3
{[%clk 0:54:12]} Nc5 {[%clk 0:46:29]} 16. Rb1 {[%clk 0:38:58]} a5
{[%clk 0:42:00]} 17. Qd2 {[%clk 0:36:32]} Bxh3 {[%clk 0:40:45]} 18. f3
{[%clk 0:28:42]} Be6 {[%clk 0:38:25]} 19. Nf4 {[%clk 0:24:41]} Nxb3
{[%clk 0:28:54]} 20. Rxb3 {[%clk 0:22:54]} Bxc4 {[%clk 0:29:18]} 21. Rfb1
{[%clk 0:15:18]} Bxb3 {[%clk 0:29:28]} 22. Rxb3 {[%clk 0:15:46]} Nc4
{[%clk 0:29:43]} 23. Qe2 {[%clk 0:15:44]} Nxe3 {[%clk 0:30:04]} 24. Qxe3
{[%clk 0:16:12]} e6 {[%clk 0:30:25]} 25. Nb5 {[%clk 0:14:31]} Qg5
{[%clk 0:26:34]} 26. Kh2 {[%clk 0:11:32]} d5 {[%clk 0:20:01]} 27. Rd3
{[%clk 0:09:41]} dxe4 {[%clk 0:10:27]} 28. Qxe4 {[%clk 0:09:17]} Rbd8
{[%clk 0:10:34]} 29. Nh3 {[%clk 0:05:38]} Qe7 {[%clk 0:08:21]} 30. f4
{[%clk 0:04:48]} Rxd3 {[%clk 0:07:34]} 31. Qxd3 {[%clk 0:05:17]} Rd8
{[%clk 0:07:56]} 32. Qc2 {[%clk 0:04:27]} Qb4 {[%clk 0:07:12]} 33. Ng5
{[%clk 0:03:59]} h6 {[%clk 0:06:10]} 34. Ne4 {[%clk 0:02:41]} b6 {[%clk 0:06:04]}
35. Qc7 {[%clk 0:02:02]} Rf8 {[%clk 0:06:24]} 36. Qc2 {[%clk 0:02:06]} e5
{[%clk 0:06:42]} 37. f5 {[%clk 0:00:54]} gxf5 {[%clk 0:05:27]} 38. Ned6
{[%clk 0:01:23]} f4 {[%clk 0:05:45]} 39. Qf5 {[%clk 0:00:44]} fxg3+
{[%clk 0:04:42]} 40. Kxg3 {[%clk 0:30:53]} Qe1+ {[%clk 0:32:44]} 41. Kg4
{[%clk 0:25:44]} Qg1 {[%clk 0:26:02]} 42. Kh3 {[%clk 0:23:47]} Qe3+
{[%clk 0:25:55]} 43. Kg4 {[%clk 0:22:41]} Qg1 {[%clk 0:24:55]} 44. Kh3
{[%clk 0:22:20]} Qe3+ {[%clk 0:24:54]} 45. Kg4 {[%clk 0:22:25]} 1/2-1/2

[Event "MP do 18 lat - chlopcy"]
[Site "Sypniewo"]
[Date "2022.03.26"]
[Round "8.17"]
[White "Kietrys, Maciej"]
[Black "Koziorowicz, Michal"]
[Result "0-1"]
[BlackElo "2291"]
[WhiteElo "1882"]
[LiveChessVersion "1.4.8"]

1. e4 {[%clk 1:30:57]} c5 {[%clk 1:30:55]} 2. Nc3 {[%clk 1:30:49]} g6
{[%clk 1:31:16]} 3. g3 {[%clk 1:31:15]} Bg7 {[%clk 1:31:34]} 4. Bg2
{[%clk 1:31:17]} Nc6 {[%clk 1:31:42]} 5. d3 {[%clk 1:31:23]} a6 {[%clk 1:31:35]}
6. Be3 {[%clk 1:30:19]} d6 {[%clk 1:32:00]} 7. Qd2 {[%clk 1:29:40]} Nd4
{[%clk 1:29:40]} 8. Nf3 {[%clk 1:25:17]} b5 {[%clk 1:22:43]} 9. Bxd4
{[%clk 1:23:46]} cxd4 {[%clk 1:23:01]} 10. Ne2 {[%clk 1:23:43]} e5
{[%clk 1:21:14]} 11. O-O {[%clk 1:22:22]} Ne7 {[%clk 1:20:07]} 12. c3
{[%clk 1:21:59]} dxc3 {[%clk 1:20:25]} 13. Nxc3 {[%clk 1:16:51]} O-O
{[%clk 1:14:30]} 14. d4 {[%clk 1:14:47]} Bb7 {[%clk 1:13:24]} 15. Rad1
{[%clk 1:12:16]} b4 {[%clk 1:02:57]} 16. Nd5 {[%clk 1:11:53]} a5 {[%clk 0:56:58]}
17. Rfe1 {[%clk 1:07:31]} Nxd5 {[%clk 0:56:37]} 18. exd5 {[%clk 1:07:57]} e4
{[%clk 0:57:02]} 19. Rxe4 {[%clk 0:39:35]} Bxd5 {[%clk 0:57:23]} 20. Rh4
{[%clk 0:39:28]} Bxa2 {[%clk 0:54:55]} 21. Qf4 {[%clk 0:32:36]} Qf6
{[%clk 0:49:05]} 22. Qxf6 {[%clk 0:29:50]} Bxf6 {[%clk 0:49:22]} 23. Rf4
{[%clk 0:30:13]} Bg7 {[%clk 0:47:56]} 24. Nd2 {[%clk 0:29:20]} Rac8
{[%clk 0:48:07]} 25. Ne4 {[%clk 0:29:25]} Rc2 {[%clk 0:44:40]} 26. Nxd6
{[%clk 0:28:01]} Rxb2 {[%clk 0:44:54]} 27. Bc6 {[%clk 0:27:10]} Bb3
{[%clk 0:42:48]} 28. Ra1 {[%clk 0:26:26]} a4 {[%clk 0:42:01]} 29. Re4
{[%clk 0:23:36]} a3 {[%clk 0:41:51]} 30. Bb5 {[%clk 0:19:24]} a2 {[%clk 0:41:08]}
31. Nc4 {[%clk 0:19:00]} Rb1+ {[%clk 0:41:14]} 32. Re1 {[%clk 0:19:26]} Rxa1
{[%clk 0:41:35]} 33. Rxa1 {[%clk 0:19:51]} Bxd4 {[%clk 0:42:01]} 0-1

[Event "MP do 18 lat - chlopcy"]
[Site "Sypniewo"]
[Date "2022.03.26"]
[Round "8.18"]
[White "Jedrusik, Adam"]
[Black "Czechowski, Jakub"]
[Result "1-0"]
[BlackElo "2036"]
[WhiteElo "1937"]
[LiveChessVersion "1.4.8"]

1. d4 {[%clk 1:30:58]} Nf6 {[%clk 1:30:52]} 2. c4 {[%clk 1:31:24]} g6
{[%clk 1:31:16]} 3. g3 {[%clk 1:31:50]} c6 {[%clk 1:31:39]} 4. Bg2
{[%clk 1:32:17]} d5 {[%clk 1:32:06]} 5. Qa4 {[%clk 1:32:44]} Nfd7
{[%clk 1:32:17]} 6. cxd5 {[%clk 1:33:08]} Nb6 {[%clk 1:32:41]} 7. Qd1
{[%clk 1:33:34]} cxd5 {[%clk 1:33:06]} 8. Nc3 {[%clk 1:34:01]} Nc6
{[%clk 1:31:15]} 9. e3 {[%clk 1:30:39]} Bg7 {[%clk 1:30:58]} 10. Nge2
{[%clk 1:31:01]} O-O {[%clk 1:28:46]} 11. O-O {[%clk 1:31:28]} e6
{[%clk 1:26:07]} 12. b3 {[%clk 1:30:09]} Re8 {[%clk 1:12:55]} 13. Ba3
{[%clk 1:25:44]} a6 {[%clk 1:07:10]} 14. Rc1 {[%clk 1:23:28]} Bf8
{[%clk 0:50:48]} 15. Bxf8 {[%clk 1:20:30]} Rxf8 {[%clk 0:51:10]} 16. Nf4
{[%clk 1:18:05]} Qd6 {[%clk 0:50:26]} 17. Nd3 {[%clk 1:09:56]} Nd7
{[%clk 0:49:17]} 18. Qc2 {[%clk 0:56:39]} Ndb8 {[%clk 0:40:30]} 19. Na4
{[%clk 0:54:44]} Bd7 {[%clk 0:39:25]} 20. Qc5 {[%clk 0:50:47]} Qxc5
{[%clk 0:37:40]} 21. Ndxc5 {[%clk 0:51:14]} Rd8 {[%clk 0:35:30]} 22. Nxb7
{[%clk 0:49:26]} Rf8 {[%clk 0:34:44]} 23. Nb6 {[%clk 0:41:54]} Ra7
{[%clk 0:35:10]} 24. Nc5 {[%clk 0:41:41]} Be8 {[%clk 0:35:01]} 25. Rc3
{[%clk 0:41:37]} a5 {[%clk 0:34:24]} 26. a3 {[%clk 0:38:18]} Na6 {[%clk 0:30:24]}
27. Nc8 {[%clk 0:34:24]} Ra8 {[%clk 0:30:18]} 28. Nxa6 {[%clk 0:34:26]} Rxa6
{[%clk 0:30:23]} 29. Rfc1 {[%clk 0:34:43]} Na7 {[%clk 0:29:41]} 30. Bf1
{[%clk 0:31:21]} Bb5 {[%clk 0:30:00]} 31. Nxa7 {[%clk 0:31:48]} Bxf1
{[%clk 0:30:24]} 32. Kxf1 {[%clk 0:32:05]} Rxa7 {[%clk 0:30:49]} 33. Rc8
{[%clk 0:31:36]} Rb7 {[%clk 0:31:01]} 34. Rxf8+ {[%clk 0:30:57]} Kxf8
{[%clk 0:31:26]} 35. Rc3 {[%clk 0:30:47]} Ke7 {[%clk 0:31:20]} 36. Ke2
{[%clk 0:30:58]} Kd6 {[%clk 0:29:01]} 37. Kd3 {[%clk 0:29:04]} e5
{[%clk 0:27:16]} 38. dxe5+ {[%clk 0:27:23]} Kxe5 {[%clk 0:26:39]} 39. f3
{[%clk 0:26:47]} g5 {[%clk 0:25:40]} 40. b4 {[%clk 0:50:44]} f5 {[%clk 0:50:25]}
41. f4+ {[%clk 0:49:19]} gxf4 {[%clk 0:50:32]} 42. exf4+ {[%clk 0:49:47]} Kd6
{[%clk 0:50:36]} 43. Rb3 {[%clk 0:49:59]} axb4 {[%clk 0:50:50]} 44. axb4
{[%clk 0:50:28]} h5 {[%clk 0:49:10]} 45. Kd4 {[%clk 0:50:34]} Ra7
{[%clk 0:47:11]} 46. b5 {[%clk 0:49:02]} Ra4+ {[%clk 0:46:18]} 47. Ke3
{[%clk 0:47:40]} Kc7 {[%clk 0:46:15]} 48. b6+ {[%clk 0:47:51]} Kb7
{[%clk 0:46:33]} 49. Rb5 {[%clk 0:44:15]} Ra3+ {[%clk 0:27:10]} 50. Kd4
{[%clk 0:43:58]} h4 {[%clk 0:27:35]} 51. gxh4 {[%clk 0:44:18]} Rf3
{[%clk 0:23:34]} 52. Ke5 {[%clk 0:44:39]} d4 {[%clk 0:23:52]} 53. Rd5
{[%clk 0:44:41]} d3 {[%clk 0:24:13]} 54. Rd6 {[%clk 0:44:44]} Rh3
{[%clk 0:23:00]} 55. Kxf5 {[%clk 0:45:00]} Rxh4 {[%clk 0:23:28]} 56. Rxd3
{[%clk 0:45:22]} Kxb6 {[%clk 0:23:51]} 57. Rd2 {[%clk 0:45:44]} 1-0

[Event "MP do 18 lat - chlopcy"]
[Site "Sypniewo"]
[Date "2022.03.26"]
[Round "8.19"]
[White "Lenart, Jakub"]
[Black "Skurniak, Szymon"]
[Result "0-1"]
[BlackElo "2032"]
[WhiteElo "1792"]
[LiveChessVersion "1.4.8"]

1. d4 {[%clk 1:30:57]} Nf6 {[%clk 1:30:56]} 2. c4 {[%clk 1:31:22]} g6
{[%clk 1:31:22]} 3. Nc3 {[%clk 1:31:40]} d5 {[%clk 1:31:51]} 4. cxd5
{[%clk 1:31:49]} Nxd5 {[%clk 1:32:16]} 5. e4 {[%clk 1:32:11]} Nxc3
{[%clk 1:32:44]} 6. bxc3 {[%clk 1:32:37]} Bg7 {[%clk 1:33:09]} 7. Be3
{[%clk 1:32:53]} O-O {[%clk 1:33:18]} 8. Nf3 {[%clk 1:33:09]} c5 {[%clk 1:33:44]}
9. Be2 {[%clk 1:33:33]} b6 {[%clk 1:30:38]} 10. Rc1 {[%clk 1:24:30]} cxd4
{[%clk 1:28:18]} 11. cxd4 {[%clk 1:22:53]} e6 {[%clk 1:11:33]} 12. O-O
{[%clk 1:10:33]} Bb7 {[%clk 1:08:28]} 13. Qc2 {[%clk 1:10:27]} Nc6
{[%clk 1:02:19]} 14. Rfd1 {[%clk 1:08:33]} Rc8 {[%clk 0:52:32]} 15. Qb1
{[%clk 1:08:24]} Ne7 {[%clk 0:39:16]} 16. Bc4 {[%clk 1:03:35]} Qd6
{[%clk 0:34:53]} 17. Bg5 {[%clk 0:56:02]} h6 {[%clk 0:32:24]} 18. Bd2
{[%clk 0:39:35]} Qb8 {[%clk 0:22:33]} 19. Bb4 {[%clk 0:33:33]} Rfe8
{[%clk 0:21:10]} 20. d5 {[%clk 0:26:01]} exd5 {[%clk 0:21:34]} 21. exd5
{[%clk 0:26:26]} Rxc4 {[%clk 0:18:54]} 22. Rxc4 {[%clk 0:26:47]} Bxd5
{[%clk 0:19:14]} 23. Rg4 {[%clk 0:16:27]} Bxf3 {[%clk 0:18:47]} 24. gxf3
{[%clk 0:15:28]} h5 {[%clk 0:16:31]} 25. Re4 {[%clk 0:13:57]} Nf5
{[%clk 0:11:42]} 26. Rde1 {[%clk 0:05:05]} Rd8 {[%clk 0:10:18]} 27. Bd2
{[%clk 0:02:25]} Bd4 {[%clk 0:04:49]} 28. Bf4 {[%clk 0:01:53]} Qc8
{[%clk 0:04:47]} 29. Be3 {[%clk 0:01:20]} Bxe3 {[%clk 0:00:00]} 30. fxe3
{[%clk 0:01:47]} Rd2 {[%clk 0:03:15]} 31. Qb5 {[%clk 0:00:42]} Nd6
{[%clk 0:02:54]} 32. Qe5 {[%clk 0:00:35]} Nxe4 {[%clk 0:03:10]} 33. Qxe4
{[%clk 0:00:41]} Qh3 {[%clk 0:03:09]} 34. Qe8+ {[%clk 0:00:58]} Kg7
{[%clk 0:03:37]} 35. Qe5+ {[%clk 0:01:01]} Kh7 {[%clk 0:04:06]} 36. Qg3
{[%clk 0:00:34]} Qxg3+ {[%clk 0:04:35]} 37. hxg3 {[%clk 0:01:02]} Rxa2
{[%clk 0:04:55]} 0-1

[Event "MP do 18 lat - chlopcy"]
[Site "Sypniewo"]
[Date "2022.03.26"]
[Round "8.20"]
[White "Ullrich, Karol"]
[Black "Ciborowski, Konrad Jr"]
[Result "1/2-1/2"]
[BlackElo "1869"]
[WhiteElo "1748"]
[LiveChessVersion "1.4.8"]

1. e4 {[%clk 1:30:58]} c5 {[%clk 1:30:56]} 2. Nf3 {[%clk 1:31:22]} d6
{[%clk 1:31:24]} 3. d4 {[%clk 1:31:47]} cxd4 {[%clk 1:31:51]} 4. Nxd4
{[%clk 1:32:13]} Nf6 {[%clk 1:32:19]} 5. Nc3 {[%clk 1:32:29]} a6 {[%clk 1:32:47]}
6. Bc4 {[%clk 1:32:20]} e6 {[%clk 1:33:14]} 7. Bb3 {[%clk 1:32:37]} b5
{[%clk 1:33:41]} 8. O-O {[%clk 1:32:18]} Be7 {[%clk 1:34:07]} 9. Qf3
{[%clk 1:31:33]} Qc7 {[%clk 1:33:18]} 10. Qg3 {[%clk 1:30:40]} O-O
{[%clk 1:33:43]} 11. Bh6 {[%clk 1:29:58]} Ne8 {[%clk 1:34:11]} 12. Kh1
{[%clk 1:29:08]} Nc6 {[%clk 1:33:32]} 13. Nxc6 {[%clk 1:24:06]} Qxc6
{[%clk 1:34:00]} 14. a3 {[%clk 1:24:14]} Kh8 {[%clk 1:32:55]} 15. Be3
{[%clk 1:23:21]} a5 {[%clk 1:27:32]} 16. Bd4 {[%clk 1:09:16]} a4 {[%clk 1:27:35]}
17. Ba2 {[%clk 1:09:11]} Rb8 {[%clk 1:27:05]} 18. b4 {[%clk 1:00:46]} axb3
{[%clk 1:18:35]} 19. Bxb3 {[%clk 1:00:53]} Bf6 {[%clk 1:13:44]} 20. e5
{[%clk 0:58:50]} dxe5 {[%clk 1:04:46]} 21. Bxe5 {[%clk 0:59:00]} Bxe5
{[%clk 1:05:07]} 22. Qxe5 {[%clk 0:59:25]} Nd6 {[%clk 1:05:00]} 23. a4
{[%clk 0:53:08]} Ba6 {[%clk 0:58:51]} 24. axb5 {[%clk 0:51:51]} Nxb5
{[%clk 0:57:00]} 25. Nxb5 {[%clk 0:47:17]} Rxb5 {[%clk 0:57:12]} 26. Qe3
{[%clk 0:44:56]} Rh5 {[%clk 0:54:48]} 27. Rfc1 {[%clk 0:41:56]} Bb7
{[%clk 0:54:35]} 28. Qg3 {[%clk 0:40:42]} Qc5 {[%clk 0:41:59]} 29. f3
{[%clk 0:39:06]} Rg5 {[%clk 0:41:07]} 30. Qe1 {[%clk 0:35:10]} Qf5
{[%clk 0:39:43]} 31. Qf2 {[%clk 0:34:41]} e5 {[%clk 0:34:35]} 32. Qe3
{[%clk 0:26:05]} Qg6 {[%clk 0:15:18]} 33. Ra7 {[%clk 0:18:12]} Bc6
{[%clk 0:06:53]} 34. Qc5 {[%clk 0:14:15]} Kg8 {[%clk 0:03:41]} 35. Ra6
{[%clk 0:13:33]} Qh6 {[%clk 0:03:14]} 36. Rxc6 {[%clk 0:04:53]} Rg6
{[%clk 0:03:36]} 37. Bxf7+ {[%clk 0:05:01]} Kxf7 {[%clk 0:04:04]} 38. Qd5+ Re6
{[%clk 0:03:45]} 39. Qd7+ {[%clk 0:03:36]} Re7 {[%clk 0:03:59]} 40. Qf5+
{[%clk 0:33:22]} Kg8 {[%clk 0:34:25]} 41. Qxf8+ {[%clk 0:33:26]} Kxf8
{[%clk 0:32:59]} 42. Rxh6 {[%clk 0:33:51]} gxh6 {[%clk 0:33:26]} 43. Rd1
{[%clk 0:32:14]} e4 {[%clk 0:33:45]} 44. Kg1 {[%clk 0:31:26]} exf3
{[%clk 0:31:42]} 45. gxf3 {[%clk 0:31:51]} Re3 {[%clk 0:32:09]} 46. Kf2
{[%clk 0:31:45]} Rc3 {[%clk 0:32:36]} 47. Rd2 {[%clk 0:32:06]} Kf7
{[%clk 0:32:54]} 48. Kg3 {[%clk 0:31:40]} Kf6 {[%clk 0:33:16]} 49. Rf2
{[%clk 0:31:07]} Kf5 {[%clk 0:33:40]} 50. Re2 {[%clk 0:29:25]} h5
{[%clk 0:33:38]} 51. Rf2 {[%clk 0:26:10]} Kg5 {[%clk 0:31:56]} 52. Kh3
{[%clk 0:19:11]} h4 {[%clk 0:31:25]} 53. Kg2 {[%clk 0:17:06]} Kf4
{[%clk 0:30:50]} 54. Rd2 {[%clk 0:16:41]} Rxf3 {[%clk 0:27:15]} 55. Rd4+
{[%clk 0:16:51]} Ke5 {[%clk 0:27:39]} 56. Rxh4 {[%clk 0:15:52]} Rc3
{[%clk 0:28:03]} 1/2-1/2

[Event "MP do 18 lat - chlopcy"]
[Site "Sypniewo"]
[Date "2022.03.26"]
[Round "8.21"]
[White "Haliniak, Wojciech"]
[Black "Kalkowski, Igor"]
[Result "1/2-1/2"]
[BlackElo "1934"]
[WhiteElo "1751"]
[LiveChessVersion "1.4.8"]

1. e4 {[%clk 1:30:57]} c5 {[%clk 1:30:39]} 2. Nf3 {[%clk 1:31:24]} g6
{[%clk 1:31:03]} 3. d4 {[%clk 1:30:27]} cxd4 {[%clk 1:31:15]} 4. Qxd4
{[%clk 1:30:29]} Nf6 {[%clk 1:31:38]} 5. Nc3 {[%clk 1:29:55]} Nc6
{[%clk 1:31:57]} 6. Qa4 {[%clk 1:30:23]} d6 {[%clk 1:31:49]} 7. e5
{[%clk 1:28:17]} dxe5 {[%clk 1:32:13]} 8. Nxe5 {[%clk 1:28:45]} Bg7
{[%clk 1:32:43]} 9. Bf4 {[%clk 1:14:25]} O-O {[%clk 1:29:16]} 10. Nxc6
{[%clk 1:08:01]} bxc6 {[%clk 1:29:39]} 11. Rd1 {[%clk 1:07:31]} Qb6
{[%clk 1:29:58]} 12. Be5 {[%clk 1:06:31]} Ng4 {[%clk 1:26:44]} 13. Bd4
{[%clk 1:01:46]} Bxd4 {[%clk 1:23:58]} 14. Qxd4 {[%clk 1:02:09]} c5
{[%clk 1:17:14]} 15. Qd2 {[%clk 1:02:32]} Bb7 {[%clk 1:16:29]} 16. Be2
{[%clk 0:59:59]} Rad8 {[%clk 1:13:11]} 17. Qf4 {[%clk 0:53:03]} Qxb2
{[%clk 1:13:18]} 18. Na4 {[%clk 0:53:21]} Rxd1+ {[%clk 1:13:43]} 19. Bxd1
{[%clk 0:53:13]} Qe5+ {[%clk 1:13:56]} 20. Qxe5 {[%clk 0:53:24]} Nxe5
{[%clk 1:14:20]} 21. O-O {[%clk 0:53:28]} c4 {[%clk 1:07:45]} 22. Re1
{[%clk 0:53:37]} Rd8 {[%clk 1:08:02]} 23. Nc3 {[%clk 0:53:37]} Nc6
{[%clk 1:07:19]} 24. Bf3 {[%clk 0:54:01]} e6 {[%clk 1:06:11]} 25. Rb1
{[%clk 0:51:02]} Ba8 {[%clk 1:06:32]} 26. Rd1 {[%clk 0:39:54]} Bb7
{[%clk 1:03:39]} 27. Rb1 {[%clk 0:40:10]} Ba8 {[%clk 1:04:01]} 28. Rd1
{[%clk 0:40:33]} Bb7 {[%clk 1:04:27]} 29. Rb1 {[%clk 0:41:00]} Ba8
{[%clk 1:03:50]} 30. Rd1 {[%clk 0:41:22]} Rb8 {[%clk 0:56:46]} 31. Rb1
{[%clk 0:25:24]} Rd8 {[%clk 0:53:44]} 1/2-1/2

[Event "MP do 18 lat - chlopcy"]
[Site "Sypniewo"]
[Date "2022.03.26"]
[Round "8.22"]
[White "Jozefik, Aleksander"]
[Black "Malik, Maciej"]
[Result "0-1"]
[BlackElo "1912"]
[WhiteElo "1729"]
[LiveChessVersion "1.4.8"]

1. e4 {[%clk 1:30:57]} g6 {[%clk 1:30:00]} 2. d4 {[%clk 1:31:07]} d6
{[%clk 1:29:54]} 3. Nc3 {[%clk 1:31:14]} Nf6 {[%clk 1:30:16]} 4. Be3
{[%clk 1:31:11]} c6 {[%clk 1:30:15]} 5. Qd2 {[%clk 1:31:04]} b5 {[%clk 1:29:42]}
6. f3 {[%clk 1:30:17]} Nbd7 {[%clk 1:29:29]} 7. g4 {[%clk 1:29:34]} Nb6
{[%clk 1:28:45]} 8. h4 {[%clk 1:29:22]} h5 {[%clk 1:28:44]} 9. g5
{[%clk 1:28:59]} Nfd7 {[%clk 1:29:09]} 10. d5 {[%clk 1:28:55]} cxd5
{[%clk 1:10:27]} 11. Bd4 {[%clk 1:28:29]} Rg8 {[%clk 1:08:16]} 12. Nxd5
{[%clk 1:06:47]} Nxd5 {[%clk 1:03:28]} 13. exd5 {[%clk 1:07:01]} Bb7
{[%clk 1:03:47]} 14. Bc3 {[%clk 1:03:04]} Qb6 {[%clk 1:01:03]} 15. Ba5
{[%clk 0:57:36]} Qc5 {[%clk 1:01:14]} 16. O-O-O {[%clk 0:57:19]} a6
{[%clk 0:57:19]} 17. Bb4 {[%clk 0:51:45]} Qb6 {[%clk 0:53:14]} 18. Ba5
{[%clk 0:52:06]} Qa7 {[%clk 0:53:34]} 19. f4 {[%clk 0:48:41]} Nb6
{[%clk 0:49:49]} 20. Qb4 {[%clk 0:43:50]} Nd7 {[%clk 0:37:44]} 21. a4
{[%clk 0:36:58]} bxa4 {[%clk 0:29:51]} 22. Qxa4 {[%clk 0:36:48]} Rb8
{[%clk 0:29:31]} 23. Bh3 {[%clk 0:34:40]} Bc8 {[%clk 0:29:53]} 24. Rd3
{[%clk 0:34:04]} Rb5 {[%clk 0:26:01]} 25. b4 {[%clk 0:13:26]} Bg7
{[%clk 0:21:38]} 26. Ne2 {[%clk 0:12:55]} Qf2 {[%clk 0:19:28]} 27. Kd1
{[%clk 0:11:57]} Qa7 {[%clk 0:11:54]} 28. Nc3 {[%clk 0:08:45]} Bxc3
{[%clk 0:10:20]} 29. Rxc3 {[%clk 0:08:40]} Qd4+ {[%clk 0:10:49]} 30. Rd3
{[%clk 0:08:47]} Qxf4 {[%clk 0:10:04]} 31. Qb3 {[%clk 0:03:17]} Nc5
{[%clk 0:07:05]} 32. Qc3 {[%clk 0:02:28]} Bg4+ {[%clk 0:07:04]} 33. Bxg4
{[%clk 0:02:03]} Qxg4+ {[%clk 0:07:26]} 34. Rf3 {[%clk 0:01:53]} Ne4
{[%clk 0:06:35]} 35. Qc6+ {[%clk 0:01:57]} Kf8 {[%clk 0:06:27]} 36. Rhf1
{[%clk 0:01:32]} Rxd5+ {[%clk 0:06:29]} 37. Kc1 {[%clk 0:01:56]} Rf5
{[%clk 0:06:06]} 38. Rxf5 {[%clk 0:02:00]} gxf5 {[%clk 0:06:31]} 39. Qc8+
{[%clk 0:00:51]} Kg7 {[%clk 0:07:00]} 40. Qxf5 {[%clk 0:30:55]} Qxf5
{[%clk 0:37:16]} 41. Rf2 Qf4+ 42. Rxf4 {[%clk 0:31:16]} Re8 43. Rf5 Rc8
{[%clk 0:36:51]} 44. Rf4 {[%clk 0:27:57]} Rc4 {[%clk 0:36:38]} 45. Kb2
{[%clk 0:26:02]} Kg6 {[%clk 0:34:54]} 46. Rf3 {[%clk 0:22:50]} d5
{[%clk 0:34:22]} 47. Rd3 {[%clk 0:22:29]} e6 {[%clk 0:34:45]} 48. Kb3
{[%clk 0:22:32]} Nd6 {[%clk 0:35:03]} 49. Rh3 {[%clk 0:21:32]} Nf5
{[%clk 0:35:08]} 50. Bd8 {[%clk 0:21:20]} Nd4+ {[%clk 0:35:25]} 51. Ka4
{[%clk 0:21:28]} Rxc2 {[%clk 0:35:24]} 52. Ra3 {[%clk 0:20:44]} Nc6
{[%clk 0:34:55]} 53. Bf6 {[%clk 0:21:04]} Rc4 {[%clk 0:35:05]} 54. Rc3
{[%clk 0:20:55]} Rxb4+ {[%clk 0:35:13]} 55. Ka3 {[%clk 0:21:20]} Rc4
{[%clk 0:35:39]} 0-1